| 000 | 00351nam a2200097Ia 4500 | ||
|---|---|---|---|
| 008 | 180116s9999 xx 000 0 und d | ||
| 020 | _a9781118777411 | ||
| 245 |
_cJessica S. Merlin, Peter A. Selwyn, Glenn J. Treisman, Angela G. Giovanniello _aChronic Pain and HIV: A practical approach |
||
| 260 |
_bBlackwell Publishing Ltd _c2016 |
||
| 300 | _a180 pages | ||
| 999 |
_c353262 _d353262 |
||